[Event "IND-ch Women 2019"]
[Site "Karaikkudi"]
[Date "2019.07.21"]
[Round "4.5"]
[White "Vijayalakshmi, Subbaraman"]
[Black "Harshita Guddanti"]
[Result "1-0"]
[WhiteElo "2357"]
[BlackElo "2078"]
[Annotator "NA"]
[PlyCount "107"]
[EventDate "2019.07.19"]
[EventType "swiss"]
[EventCountry "IND"]
[SourceTitle "playchess.com"]
[Source "ChessBase"]
[SourceQuality "1"]
[TimeControl "40/5400+30:1800+30"]

1. Nf3 {[%emt 0:03:19]} Nf6 {[%emt 0:00:51]} 2. g3 {[%emt 0:00:17]} d5 {[%emt 0:01:04]} 3. Bg2 {[%emt 0:00:12]} c6 {[%emt 0:02:30]} 4. b3 {[%emt 0:00:21]} Bg4 {[%emt 0:01:52]} 5. Bb2 {[%emt 0:00:12]} Nbd7 {[%emt 0:00:35]} 6. O-O {[%emt 0:01:18]} Qc7 {[%emt 0:04:28]} 7. d4 {[%emt 0:01:03]} g6 $146 {[%emt 0:12:18] A07: Réti Opening: New York and Capablanca Systems} ({Predecessor:} 7... e6 8. c4 Be7 9. Nbd2 O-O 10. a3 a5 11. Rc1 h6 12. Ne5 Bf5 13. Re1 Rfd8 14. Nd3 Qb6 15. e4 {0-1 (57) Gorovenko,D (2134)-Kanevskaya,A (2136) Moscow 2019}) 8. c4 {[%emt 0:05:28]} Bg7 {[%emt 0:01:38]} 9. Nc3 {[%emt 0:00:42]} Rd8 {[%emt 0:08:02]} 10. cxd5 {[%emt 0:03:31]} Nxd5 {[%emt 0:07:19]} 11. Nxd5 {[%emt 0:01:17]} cxd5 {[%emt 0:00:08]} 12. Rc1 {[%emt 0:00:32]} Qb6 {[%emt 0:03:39]} 13. Qd2 {[%emt 0:03:30]} Nf6 {[%emt 0:09:07]} 14. Ne5 {[%emt 0:08:18]} Bf5 {[%emt 0:03:04]} 15. Ba3 {[%emt 0:01:53]} Ne4 {[%emt 0:05:03]} 16. Qb4 {[%emt 0:02:40]} Qxb4 {[%emt 0:02:06]} 17. Bxb4 {[%emt 0:00:06]} f6 {[%emt 0:04:42] [#]} 18. Nd3 {[%emt 0:08:48]} ({White should try} 18. Rc7 $1 $16 {[%cal Rc7e7]} Nd6 19. Nf3) 18... b6 {[%emt 0:11:12]} 19. Rc7 {[%emt 0:06:48]} Rd7 {[%emt 0:00:14]} 20. Rfc1 {[%emt 0:00:44]} g5 {[%emt 0:01:59]} 21. g4 {[%emt 0:11:09]} Be6 {[%emt 0:01:24]} 22. R1c6 $16 {[%emt 0:01:34]} Bf8 {[%emt 0:06:42]} 23. Ba3 {[%emt 0:03:15]} h5 {[%emt 0:01:36]} 24. gxh5 {[%emt 0:01:49]} Bf5 {[%emt 0:02:22]} 25. f3 {[%emt 0:02:26]} Nd6 {[%emt 0:01:07]} 26. Bxd6 {[%emt 0:00:28]} Bxd3 {[%emt 0:02:22]} 27. exd3 {[%emt 0:00:16]} exd6 {[%emt 0:02:18]} 28. Bh3 {[%emt 0:00:38]} Rxc7 {[%emt 0:02:20]} 29. Rxc7 {[%emt 0:00:06]} Rxh5 {[%emt 0:00:21]} 30. Bg4 {[%emt 0:01:17]} Rh6 {[%emt 0:00:05]} 31. Rxa7 {[%emt 0:00:17]} Be7 {[%emt 0:00:15]} 32. h3 {[%emt 0:01:32]} f5 {[%emt 0:01:49]} 33. Bxf5 {[%emt 0:00:07]} Rf6 {[%emt 0:00:04]} 34. Bd7+ {[%emt 0:00:17]} Kd8 {[%emt 0:00:29]} 35. Kg2 {[%emt 0:01:40]} Rf4 {[%emt 0:02:25]} 36. Bb5 {[%emt 0:00:13]} Rxd4 {[%emt 0:00:00]} 37. Rd7+ {[%emt 0:00:19]} Ke8 {[%emt 0:00:00]} 38. Rxd6+ {[%emt 0:00:05]} Kf7 {[%emt 0:00:03]} 39. Rxb6 {[%emt 0:00:12]} Rf4 {[%emt 0:00:38]} 40. a4 {[%emt 0:00:00]} Rf6 {[%emt 0:00:00]} 41. Bc6 {[%emt 0:02:28]} Ke6 {[%emt 0:01:01]} 42. Rb5 {[%emt 0:00:29]} Rf5 {[%emt 0:00:37]} 43. a5 {[%emt 0:00:21]} Kd6 {[%emt 0:00:33]} 44. Bb7 {[%emt 0:00:04]} Re5 {[%emt 0:00:43]} 45. Kf1 {[%emt 0:01:33]} d4 {[%emt 0:00:23]} 46. Rb6+ {[%emt 0:03:11]} Kc7 {[%emt 0:02:48]} 47. b4 {[%emt 0:00:24]} Bd6 {[%emt 0:01:05]} 48. Be4 {[%emt 0:00:17]} Re7 {[%emt 0:00:54]} 49. Rc6+ {[%emt 0:00:46]} Kd7 {[%emt 0:00:06]} 50. b5 {[%emt 0:01:49]} Re5 {[%emt 0:00:49]} 51. a6 {[%emt 0:00:27]} Bb8 {[%emt 0:00:57]} 52. Rb6 {[%emt 0:01:06]} Kc8 {[%emt 0:00:09]} 53. Rxb8+ {[%emt 0:00:23]} Kxb8 {[%emt 0:00:16]} 54. b6 {[%emt 0:00:06]} 1-0

[Event "IND-ch Women 2019"]
[Site "Karaikkudi"]
[Date "2019.07.21"]
[Round "4.6"]
[White "Mahalakshmi D M"]
[Black "Mrudul Dehankar"]
[Result "0-1"]
[WhiteElo "2227"]
[BlackElo "2074"]
[Annotator "NA"]
[PlyCount "116"]
[EventDate "2019.07.19"]
[EventType "swiss"]
[EventCountry "IND"]
[SourceTitle "playchess.com"]
[Source "ChessBase"]
[SourceQuality "1"]
[TimeControl "40/5400+30:1800+30"]

1. d4 {[%emt 0:00:00]} Nf6 {[%emt 0:00:00]} 2. c4 {[%emt 0:00:00]} e6 {[%emt 0:00:00]} 3. Nc3 {[%emt 0:00:08]} Bb4 {[%emt 0:00:10]} 4. e3 {[%emt 0:00:16]} b6 {[%emt 0:00:12]} 5. Bd3 {[%emt 0:00:07]} Bb7 {[%emt 0:00:10]} 6. Nf3 {[%emt 0:00:09]} Ne4 {[%emt 0:00:33]} 7. Bxe4 {[%emt 0:03:39]} Bxe4 {[%emt 0:00:17]} 8. Bd2 {[%emt 0:03:04]} Bb7 {[%emt 0:09:55]} 9. d5 {[%emt 0:04:52]} O-O {[%emt 0:04:44]} 10. O-O {[%emt 0:01:53]} f5 {[%emt 0:10:41]} 11. a3 {[%emt 0:14:54]} Be7 {[%emt 0:02:27]} 12. Qc2 {[%emt 0:03:30]} Bf6 {[%emt 0:05:58]} (12... c6 $11) 13. Rad1 {[%emt 0:11:02]} Qe8 {[%emt 0:15:55]} 14. e4 {[%emt 0:05:29]} Qg6 {[%emt 0:12:12]} (14... fxe4 $14 15. Nxe4 Qg6) 15. e5 {[%emt 0:07:40]} Bd8 {[%emt 0:02:00]} 16. Rfe1 {[%emt 0:03:56]} c6 {[%emt 0:04:55]} 17. Qd3 {[%emt 0:11:00]} cxd5 {[%emt 0:04:05]} 18. cxd5 {[%emt 0:00:04]} Na6 $11 {[%emt 0:00:16]} 19. Bf4 {[%emt 0:12:20]} Nc7 {[%emt 0:06:22]} 20. d6 {[%emt 0:01:32]} Nd5 {[%emt 0:01:35]} 21. Nxd5 {[%emt 0:00:30]} Bxd5 {[%emt 0:00:03]} 22. Qe3 {[%emt 0:00:22]} Bb7 {[%emt 0:04:23]} 23. Rc1 {[%emt 0:02:45]} b5 {[%emt 0:00:29]} 24. Rc3 {[%emt 0:01:02]} Bb6 {[%emt 0:01:40]} 25. Qe2 {[%emt 0:00:08]} Rac8 {[%emt 0:05:20]} 26. Rec1 {[%emt 0:00:47]} Rc4 {[%emt 0:04:02]} 27. Rxc4 {[%emt 0:04:49]} bxc4 {[%emt 0:00:01]} 28. Nh4 {[%emt 0:01:09]} Qg4 {[%emt 0:01:03]} 29. Qxg4 {[%emt 0:00:52]} fxg4 {[%emt 0:00:01]} 30. Rxc4 {[%emt 0:01:49]} Bd5 {[%emt 0:02:38]} 31. Ra4 {[%emt 0:01:09]} Bc6 {[%emt 0:01:32]} 32. Rc4 {[%emt 0:00:10]} g5 {[%emt 0:01:05]} 33. Bg3 {[%emt 0:00:20]} gxh4 {[%emt 0:00:11]} 34. Rxg4+ {[%emt 0:00:03]} Kh8 {[%emt 0:01:09]} 35. Bxh4 {[%emt 0:00:36]} Bd8 {[%emt 0:00:22]} 36. Bg3 {[%emt 0:00:33]} h5 {[%emt 0:00:48]} 37. Rb4 {[%emt 0:01:10]} Kg7 {[%emt 0:00:36]} 38. Kf1 {[%emt 0:02:01]} Ba5 {[%emt 0:00:31]} 39. Rd4 {[%emt 0:01:38]} Bb5+ {[%emt 0:00:29]} 40. Kg1 {[%emt 0:00:00]} Kg6 {[%emt 0:00:00]} 41. Bh4 {[%emt 0:03:02]} Bb6 {[%emt 0:08:11]} 42. Rb4 {[%emt 0:00:50]} a6 {[%emt 0:00:45]} 43. a4 {[%emt 0:07:59]} Bc5 {[%emt 0:01:42]} 44. Rb3 {[%emt 0:01:42]} Bxa4 {[%emt 0:05:23]} 45. Rg3+ {[%emt 0:00:58]} Kh7 {[%emt 0:01:52]} 46. Bf6 {[%emt 0:00:46]} Rg8 {[%emt 0:03:51]} 47. Rh3 {[%emt 0:02:47]} Kh6 {[%emt 0:00:20]} 48. Rc3 {[%emt 0:01:05]} Bb6 {[%emt 0:00:42]} 49. g3 {[%emt 0:00:45]} Bc6 {[%emt 0:03:00]} 50. Rb3 {[%emt 0:01:07]} Rb8 {[%emt 0:01:29]} 51. Rc3 {[%emt 0:01:32]} Kg6 {[%emt 0:03:46]} 52. b4 {[%emt 0:02:30]} a5 {[%emt 0:02:50]} 53. bxa5 {[%emt 0:00:36]} Bxa5 {[%emt 0:00:04]} 54. Rc1 {[%emt 0:00:21]} Rb2 {[%emt 0:00:35]} 55. g4 {[%emt 0:01:52]} hxg4 {[%emt 0:00:57]} 56. Bh4 {[%emt 0:00:06]} Kf5 {[%emt 0:00:41]} 57. Bg3 {[%emt 0:00:42]} Bd2 {[%emt 0:00:13]} 58. h4 {[%emt 0:01:42]} Bxc1 {[%emt 0:00:11]} 0-1

[Event "IND-ch Women 2019"]
[Site "Karaikkudi"]
[Date "2019.07.21"]
[Round "4.7"]
[White "Nandhini, Saripalli"]
[Black "Michelle Catherina, P."]
[Result "1/2-1/2"]
[WhiteElo "1933"]
[BlackElo "2226"]
[Annotator "NA"]
[PlyCount "63"]
[EventDate "2019.07.19"]
[EventType "swiss"]
[EventCountry "IND"]
[SourceTitle "playchess.com"]
[Source "ChessBase"]
[SourceQuality "1"]
[TimeControl "40/5400+30:1800+30"]

1. e4 {[%emt 0:00:08]} e5 {[%emt 0:02:15]} 2. Nf3 {[%emt 0:00:08]} Nc6 {[%emt 0:00:04]} 3. Bc4 {[%emt 0:00:06]} Nf6 {[%emt 0:00:06]} 4. Ng5 {[%emt 0:00:18]} d5 {[%emt 0:00:14]} 5. exd5 {[%emt 0:00:02]} Na5 {[%emt 0:00:10]} 6. Bb5+ {[%emt 0:00:07]} c6 {[%emt 0:00:46]} 7. dxc6 {[%emt 0:00:03]} bxc6 {[%emt 0:00:03]} 8. Bd3 {[%emt 0:00:10]} Nd5 {[%emt 0:03:37] C58: Two Knights: 4 Ng5 d5 5 exd5 Na5 sidelines} 9. Nf3 {[%emt 0:00:50]} Bd6 {[%emt 0:01:47]} 10. O-O {[%emt 0:00:16]} Nf4 {[%emt 0:05:56]} (10... O-O 11. Re1 f5 12. b4 Nxb4 13. Nxe5 Bxe5 14. Rxe5 Nxd3 15. cxd3 Qd4 16. Rxa5 Qxa1 {½-½ (31) Vovk,A (2616)-Demchenko,A (2661) Fagernes 2019}) 11. Re1 {[%emt 0:03:57]} Nxd3 {[%emt 0:01:48]} 12. cxd3 {[%emt 0:02:52]} O-O {[%emt 0:04:20]} 13. Nc3 {[%emt 0:13:23]} Re8 {[%emt 0:07:55]} 14. Ne4 {[%emt 0:01:08]} Bg4 {[%emt 0:11:49]} 15. h3 {[%emt 0:04:30]} Bh5 {[%emt 0:02:03]} 16. Ng3 $146 {[%emt 0:00:17]} ({Predecessor:} 16. b3) 16... Bg6 {[%emt 0:00:46]} 17. b4 {[%emt 0:01:40]} Bxb4 {[%emt 0:06:55]} 18. Qa4 {[%emt 0:00:35]} Bd6 {[%emt 0:04:03]} 19. Ba3 {[%emt 0:01:14]} Nb7 {[%emt 0:11:04]} 20. Rab1 {[%emt 0:15:55]} Nc5 {[%emt 0:09:44]} 21. Qxc6 {[%emt 0:02:02]} Bf8 {[%emt 0:04:45]} 22. Bxc5 {[%emt 0:13:55]} (22. Rxe5 $14 Nxd3 23. Rxe8 Qxe8 24. Qxe8 Rxe8 25. Bxf8 Kxf8 26. Nh4) 22... Rc8 $11 {[%emt 0:00:14]} 23. Qa4 {[%emt 0:06:19]} Bxc5 {[%emt 0:03:26]} 24. Nxe5 {[%emt 0:01:16]} Bxf2+ {[%emt 0:12:00]} 25. Kxf2 {[%emt 0:00:58]} Rxe5 {[%emt 0:00:27]} 26. Rxe5 {[%emt 0:03:57]} Qf6+ {[%emt 0:00:01]} 27. Rf5 {[%emt 0:00:57]} Bxf5 {[%emt 0:00:48]} 28. Nxf5 {[%emt 0:00:04]} Qxf5+ {[%emt 0:00:08]} 29. Kg1 {[%emt 0:00:22]} Qxd3 {[%emt 0:02:23]} 30. Re1 {[%emt 0:00:21]} g6 {[%emt 0:03:02]} 31. Re8+ {[%emt 0:01:55]} Rxe8 {[%emt 0:00:06]} 32. Qd1 {[%emt 0:26:15]} 1/2-1/2

[Event "IND-ch Women 2019"]
[Site "Karaikkudi"]
[Date "2019.07.21"]
[Round "4.8"]
[White "Mohota, Nisha"]
[Black "Kiran, Manisha Mohanty"]
[Result "1/2-1/2"]
[WhiteElo "2221"]
[BlackElo "2054"]
[Annotator "RC"]
[PlyCount "56"]
[EventDate "2019.07.19"]
[EventType "swiss"]
[EventCountry "IND"]
[SourceTitle "playchess.com"]
[Source "ChessBase"]
[SourceQuality "1"]
[TimeControl "40/5400+30:1800+30"]

1. d4 {[%emt 0:00:00]} Nf6 {[%emt 0:00:00]} 2. c4 {[%emt 0:00:00]} g6 {[%emt 0:00:04]} 3. Nc3 {[%emt 0:00:05]} d5 {[%emt 0:00:06]} 4. Nf3 {[%emt 0:00:07]} Bg7 {[%emt 0:00:06]} 5. Bf4 {[%emt 0:00:14]} O-O {[%emt 0:00:17]} 6. Rc1 {[%emt 0:00:06]} c6 {[%emt 0:00:15]} 7. e3 {[%emt 0:00:16]} Qb6 {[%emt 0:04:26]} 8. Qb3 {[%emt 0:01:33]} Be6 {[%emt 0:00:31]} 9. Ng5 {[%emt 0:12:49]} Bf5 {[%emt 0:11:54]} 10. h3 {[%emt 0:09:57]} h6 {[%emt 0:00:57]} 11. Nf3 {[%emt 0:02:28]} Be6 {[%emt 0:00:36]} 12. c5 {[%emt 0:06:27]} Qxb3 {[%emt 0:00:10]} 13. axb3 {[%emt 0:00:02]} Ne4 {[%emt 0:00:17]} 14. Bd3 {[%emt 0:09:24]} Nd7 {[%emt 0:03:38]} 15. b4 {[%emt 0:06:37]} Nxc3 {[%emt 0:06:57]} 16. Rxc3 {[%emt 0:01:46]} a6 {[%emt 0:00:06]} 17. Ke2 {[%emt 0:01:22]} g5 {[%emt 0:00:33]} 18. Bh2 {[%emt 0:05:42]} f5 {[%emt 0:00:11]} 19. h4 {[%emt 0:02:27]} g4 {[%emt 0:10:17]} 20. Nd2 {[%emt 0:01:14]} f4 {[%emt 0:01:09]} 21. Bxf4 {[%emt 0:08:07]} Bxd4 {[%emt 0:00:57]} 22. Rc2 {[%emt 0:00:43]} Bg7 {[%emt 0:00:10]} 23. Nb3 {[%emt 0:00:42]} Kh8 {[%emt 0:01:35]} 24. Nd2 {[%emt 0:00:12]} Kg8 {[%emt 0:00:08]} 25. Nb3 {[%emt 0:00:02]} Kh8 {[%emt 0:00:09]} 26. Nd2 {[%emt 0:00:03]} Kg8 {[%emt 0:00:09]} 27. Nb3 {[%emt 0:00:03]} Kh8 {[%emt 0:00:09]} 28. Nd2 {[%emt 0:00:25]} Kg8 {[%emt 0:00:05]} 1/2-1/2

[Event "IND-ch Women 2019"]
[Site "Karaikkudi"]
[Date "2019.07.21"]
[Round "4.9"]
[White "Ramaswamy, Aarthie"]
[Black "Priyanka, Kumari"]
[Result "1-0"]
[WhiteElo "2020"]
[BlackElo "1991"]
[Annotator "NA"]
[PlyCount "117"]
[EventDate "2019.07.19"]
[EventType "swiss"]
[EventCountry "IND"]
[SourceTitle "playchess.com"]
[Source "ChessBase"]
[SourceQuality "1"]
[TimeControl "40/5400+30:1800+30"]

1. e4 {[%emt 0:01:26]} c5 {[%emt 0:00:14]} 2. Nf3 {[%emt 0:00:05]} d6 {[%emt 0:00:07]} 3. d4 {[%emt 0:00:02]} cxd4 {[%emt 0:00:06]} 4. Nxd4 {[%emt 0:00:04]} Nf6 {[%emt 0:00:16]} 5. Nc3 {[%emt 0:00:44]} a6 {[%emt 0:00:27]} 6. a3 {[%emt 0:00:09]} e5 {[%emt 0:03:39]} 7. Nf5 {[%emt 0:00:06]} d5 {[%emt 0:12:22]} 8. Bg5 {[%emt 0:00:12]} d4 $1 {[%emt 0:03:23]} 9. Bxf6 {[%emt 0:00:17]} gxf6 {[%emt 0:07:35]} 10. Na2 {[%emt 0:01:27]} Nc6 {[%emt 0:09:02]} 11. Bd3 {[%emt 0:22:57]} Be6 {[%emt 0:08:25]} 12. O-O {[%emt 0:05:15]} Ne7 {[%emt 0:03:36]} 13. Qf3 {[%emt 0:06:31]} Rg8 {[%emt 0:06:41]} 14. c3 {[%emt 0:06:52]} Ng6 {[%emt 0:11:46]} 15. g3 {[%emt 0:09:57]} Bc5 $16 {[%emt 0:06:21]} 16. Kh1 {[%emt 0:15:32]} Ne7 {[%emt 0:08:43]} 17. cxd4 {[%emt 0:06:23]} Bxf5 {[%emt 0:05:36]} 18. dxc5 {[%emt 0:10:10]} Bg4 {[%emt 0:00:48]} 19. Qe3 {[%emt 0:00:09]} Nc6 {[%emt 0:02:10]} 20. f3 {[%emt 0:02:39]} Be6 {[%emt 0:01:52]} 21. Nc3 {[%emt 0:01:51]} Qd4 {[%emt 0:04:34]} 22. Qxd4 {[%emt 0:05:19]} Nxd4 {[%emt 0:01:07]} 23. Nd5 {[%emt 0:00:56]} Bxd5 {[%emt 0:01:02]} 24. exd5 {[%emt 0:00:01]} Rd8 {[%emt 0:00:51]} 25. c6 {[%emt 0:02:08]} bxc6 {[%emt 0:01:13]} 26. dxc6 {[%emt 0:00:03]} Nxc6 {[%emt 0:00:22]} 27. Bxa6 {[%emt 0:00:02]} Ke7 {[%emt 0:00:17]} 28. b4 {[%emt 0:02:05]} f5 {[%emt 0:00:24]} 29. Rfe1 {[%emt 0:00:26]} Kd6 {[%emt 0:00:29]} 30. Rad1+ {[%emt 0:00:30]} Nd4 {[%emt 0:00:16]} 31. Bd3 {[%emt 0:00:36]} Nxf3 {[%emt 0:00:50]} 32. Be4+ {[%emt 0:00:25]} Nd4 {[%emt 0:00:14]} 33. Bxf5 {[%emt 0:00:01]} h5 {[%emt 0:00:38]} 34. Kg2 {[%emt 0:00:51]} Rg5 {[%emt 0:00:15]} 35. Be4 {[%emt 0:00:26]} f5 {[%emt 0:00:29]} 36. h4 {[%emt 0:00:11]} Rg7 {[%emt 0:01:15]} 37. Bxf5 {[%emt 0:00:02]} Rdg8 {[%emt 0:00:18]} 38. Re3 {[%emt 0:00:11]} Kc7 {[%emt 0:00:19]} 39. Bh3 {[%emt 0:00:31]} Kb6 {[%emt 0:00:22]} 40. Kh2 {[%emt 0:00:00]} Rc7 {[%emt 0:00:00]} 41. Rd2 {[%emt 0:01:26]} Rf8 {[%emt 0:05:12]} 42. Bg2 {[%emt 0:05:43]} Rf5 {[%emt 0:00:51]} 43. Be4 {[%emt 0:06:29]} Rf1 {[%emt 0:02:48]} 44. Bg2 {[%emt 0:01:53]} Rf5 {[%emt 0:05:09]} 45. a4 {[%emt 0:01:18]} Rc4 {[%emt 0:01:59]} 46. Rb2 {[%emt 0:01:11]} Nc2 {[%emt 0:01:28]} 47. a5+ {[%emt 0:09:54]} Kb5 {[%emt 0:06:50]} 48. Rf3 {[%emt 0:00:30]} Rxf3 {[%emt 0:00:57]} 49. Bxf3 {[%emt 0:00:02]} Nd4 {[%emt 0:02:55]} 50. Bxh5 {[%emt 0:01:46]} e4 {[%emt 0:01:35]} 51. Be2 {[%emt 0:02:47]} Nxe2 {[%emt 0:00:24]} 52. Rxe2 {[%emt 0:00:11]} Rxb4 {[%emt 0:00:30]} 53. Ra2 {[%emt 0:00:29]} Kc4 {[%emt 0:00:34]} 54. a6 {[%emt 0:00:30]} Rb8 {[%emt 0:00:05]} 55. a7 {[%emt 0:00:35]} Ra8 {[%emt 0:00:08]} 56. Kg2 {[%emt 0:00:53]} Kd3 {[%emt 0:00:36]} 57. Kf2 {[%emt 0:00:15]} e3+ {[%emt 0:01:46]} 58. Ke1 {[%emt 0:00:02]} e2 {[%emt 0:00:49]} 59. Ra3+ {[%emt 0:00:15]} 1-0

[Event "IND-ch Women 2019"]
[Site "Karaikkudi"]
[Date "2019.07.21"]
[Round "4.10"]
[White "Swati Ghate"]
[Black "Jyothsna L"]
[Result "1-0"]
[WhiteElo "2192"]
[BlackElo "1939"]
[Annotator "NA"]
[PlyCount "86"]
[EventDate "2019.07.19"]
[EventType "swiss"]
[EventCountry "IND"]
[SourceTitle "playchess.com"]
[Source "ChessBase"]
[SourceQuality "1"]
[TimeControl "40/5400+30:1800+30"]

1. e4 {[%emt 0:00:31]} e6 {[%emt 0:01:02]} 2. d3 {[%emt 0:00:42]} d5 {[%emt 0:00:02]} 3. Nd2 {[%emt 0:00:12]} c5 {[%emt 0:00:05]} 4. Ngf3 {[%emt 0:00:19]} Nc6 {[%emt 0:00:19]} 5. g3 {[%emt 0:00:24]} Nf6 {[%emt 0:00:07]} 6. Bg2 {[%emt 0:00:17]} g6 {[%emt 0:00:02]} 7. O-O {[%emt 0:02:20]} Bg7 {[%emt 0:00:03]} 8. exd5 {[%emt 0:08:27]} Nxd5 {[%emt 0:00:39]} 9. Nb3 {[%emt 0:03:16]} b6 {[%emt 0:01:32]} 10. c4 {[%emt 0:05:13] [#]} (10. d4 $11) 10... Nde7 $1 {[%emt 0:06:46]} 11. d4 {[%emt 0:00:22]} cxd4 {[%emt 0:02:55]} 12. Nfxd4 {[%emt 0:00:31]} Bb7 {[%emt 0:04:57]} 13. Bg5 {[%emt 0:11:25]} Nxd4 {[%emt 0:10:27]} 14. Bxb7 {[%emt 0:01:22]} Rb8 {[%emt 0:00:36]} 15. Be4 {[%emt 0:13:51]} h6 {[%emt 0:44:59] [#]} 16. Bf4 $1 {[%emt 0:04:33]} e5 {[%emt 0:00:52]} 17. Nxd4 {[%emt 0:00:59]} O-O $16 {[%emt 0:08:51]} 18. Ne6 {[%emt 0:10:18]} fxe6 {[%emt 0:02:27]} 19. Bd2 {[%emt 0:02:14]} Nf5 {[%emt 0:02:55]} 20. Bc3 {[%emt 0:03:22]} Qc7 {[%emt 0:01:21]} 21. Qg4 {[%emt 0:02:08]} Qf7 {[%emt 0:01:37]} 22. Rae1 {[%emt 0:05:37]} h5 {[%emt 0:02:59]} 23. Qe2 {[%emt 0:03:12]} Rbd8 {[%emt 0:00:51]} 24. Kg2 {[%emt 0:07:20]} g5 {[%emt 0:02:07]} 25. Bb1 {[%emt 0:04:13]} Nd4 {[%emt 0:00:22]} 26. Qe4 {[%emt 0:01:27]} Qf3+ {[%emt 0:00:47]} 27. Qxf3 {[%emt 0:01:25]} Nxf3 {[%emt 0:00:01]} 28. Re2 {[%emt 0:01:00]} Nd4 {[%emt 0:01:01]} 29. Re3 {[%emt 0:01:13]} h4 {[%emt 0:01:34]} 30. Rfe1 {[%emt 0:01:30]} h3+ {[%emt 0:00:56]} 31. Kxh3 {[%emt 0:02:57]} Rxf2 {[%emt 0:00:04]} 32. g4 {[%emt 0:01:40]} Rd7 {[%emt 0:01:03]} 33. Kg3 {[%emt 0:01:16]} Rf4 {[%emt 0:00:15]} 34. Rxe5 {[%emt 0:00:48]} Bxe5 {[%emt 0:01:29]} 35. Rxe5 {[%emt 0:00:01]} Rg7 {[%emt 0:00:42]} 36. Bd2 {[%emt 0:01:00]} Nf3 {[%emt 0:00:38]} 37. Rxg5 {[%emt 0:00:17]} Rxg4+ {[%emt 0:00:31]} 38. Rxg4 {[%emt 0:00:38]} Nxd2 {[%emt 0:00:07]} 39. Bd3 {[%emt 0:00:26]} Rxg4+ {[%emt 0:00:38]} 40. Kxg4 {[%emt 0:00:00]} e5 {[%emt 0:00:00]} 41. Kg3 {[%emt 0:05:30]} e4 {[%emt 0:08:59]} 42. Be2 {[%emt 0:00:45]} a5 {[%emt 0:00:39]} 43. Kf4 {[%emt 0:01:45]} a4 {[%emt 0:23:13] Kxe4} 1-0

[Event "IND-ch Women 2019"]
[Site "Karaikkudi"]
[Date "2019.07.21"]
[Round "4.11"]
[White "Srija, Seshadri"]
[Black "Dhyana Patel"]
[Result "1-0"]
[WhiteElo "2306"]
[BlackElo "1900"]
[Annotator "TA"]
[PlyCount "61"]
[EventDate "2019.07.19"]
[EventType "swiss"]
[EventCountry "IND"]
[SourceTitle "playchess.com"]
[Source "ChessBase"]
[SourceQuality "1"]

{[%evp 20,60,54,56,57,75,92,89,100,88,156,164,160,165,257,228,266,88,83,75,87,68,133,133,130,133,137,160,481,481,639,630,874,869,29990,29991,29991,29992,29994,29995,29998,29999,29999]} 1. e4 c5 2. Nf3 Nc6 3. d4 cxd4 4. Nxd4 g6 5. c4 Bg7 6. Be3 Nf6 7. Nc3 O-O 8. f3 d6 9. Be2 Bd7 10. Qd2 Nxd4 11. Bxd4 Bc6 {B38: Sicilian: Maroczy Bind with 5...Bg7 and 7...0-0} (11... a5 12. b3 Bc6 13. O-O Nd7 14. Be3 Nc5 15. Rab1 e6 16. a3 Be5 17. b4 axb4 18. axb4 Ra3 19. bxc5 Rxc3 20. f4 Bg7 21. e5 dxe5 22. Qxc3 exf4 23. Qd2 Qg5 {0-1 (43) Bu,X (2730)-Savchenko,B (2566) Riadh 2017}) 12. O-O-O a5 13. g4 a4 {White is better.} 14. h4 Qa5 ({Black should play} 14... h6) 15. h5 $1 $16 Rfc8 16. Kb1 Bd7 $146 (16... a3 $142) ({Predecessor:} 16... gxh5 17. gxh5 e5 18. Be3 Kh8 19. Bh6 Rg8 20. Bxg7+ Rxg7 21. Qxd6 Ne8 22. Qf8+ Rg8 23. Qxf7 Ra6 24. Rhg1 {1-0 (24) Wagner,S (2133)-Fritzer,F (1714) Vienna 2008}) 17. hxg6 hxg6 18. Bxf6 $2 (18. g5 $18 {and White stays clearly on top.} Nh5 19. Nd5) 18... Bxf6 {[#]} 19. Nd5 $1 {[%cal Rd5f6]} Qxd2 20. Rxd2 Ra5 (20... Bg5 $14 21. f4 e6) 21. Nxf6+ exf6 22. Rxd6 Be6 23. f4 {And now f5 would win.} Kg7 $2 {[#]} (23... f5 $16 {is more resistant.}) 24. f5 $1 $18 Bxc4 25. Bxc4 {g5! is the strong threat.} Rxc4 {[%mdl 4096] Endgame [#] KRR-KRR} 26. g5 $1 {[%cal Rg5f6][%mdl 512]} Ra8 (26... fxg5 27. f6+) 27. gxf6+ {White mates.} Kg8 28. fxg6 fxg6 29. Rd7 Rac8 30. Rg7+ {[%mdl 64] Double Attack} Kf8 31. Rh8# {Accuracy: White = 81%, Black = 31%.} 1-0